000 00380nam a2200121Ia 4500
008 171204s9999 xx 000 0 und d
245 _aPrinciples Of Environmental Science: Inquiry And Applications
245 _cWilliam P Cunningham
250 _a7th
260 _c2013
650 _xEnvironmental Science
856 _uhttp://down.ebook777.com/007/PriOfEnvSciInqAndApp(7tEdi.pdf
999 _c345493
_d345493